Central Library OPAC University of Rajshahi

A manual of classification for librarians and bibliographers / (Record no. 44149)

MARC details
000 -LEADER
fixed length control field 00876cam a2200265 4500
001 - CONTROL NUMBER
control field 44149
003 - CONTROL NUMBER IDENTIFIER
rucl marc code BD-RjUL
005 - DATE AND TIME OF LATEST TRANSACTION
control field 20211209053816.0
008 - FIXED-LENGTH DATA ELEMENTS--GENERAL INFORMATION
fixed length control field 160714s1959 enka 000 0 eng
035 ## - SYSTEM CONTROL NUMBER
System control number (OCoLC)ocm02855403
System control number (BD-RjUL)44267
040 ## - CATALOGING SOURCE
Original cataloging agency DLC
Transcribing agency JNA
Modifying agency OCL
-- UKM
-- OCL
-- ZCU
Language of cataloging eng
041 ## - LANGUAGE CODE
Language code of text/sound track or separate title eng
082 04 - DEWEY DECIMAL CLASSIFICATION NUMBER
Classification number 025.4
Edition number 18
Author mark and year SAM 1962
099 ## - LOCAL FREE-TEXT CALL NUMBER (OCLC)
Bangla Class number 025.4
-- Sa9111
100 1# - MAIN ENTRY--PERSONAL NAME
Personal name Sayers, W. C. Berwick
Fuller form of name (William Charles Berwick),
Dates associated with a name 1881-1960.
9 (RLIN) 135563
245 12 - TITLE STATEMENT
Title A manual of classification for librarians and bibliographers /
Statement of responsibility, etc. W. C. Berwick Sayers
250 ## - EDITION STATEMENT
Edition statement 3d ed. rev., with some corrections.
260 ## - PUBLICATION, DISTRIBUTION, ETC. (IMPRINT)
Place of publication, distribution, etc. London :
Name of publisher, distributor, etc. Grafton,
Date of publication, distribution, etc. 1959 [reprint 1962]
300 ## - PHYSICAL DESCRIPTION
Pagination 346 p. :
Illustrations ill. ;
Size 23 cm.
650 #0 - SUBJECT ADDED ENTRY--TOPICAL TERM
Topical term or geographic name as entry element Classification
General subdivision Books.
9 (RLIN) 127023
Topical term or geographic name as entry element Classification
Form subdivision Bibliography.
9 (RLIN) 135564
942 ## - ADDED ENTRY ELEMENTS (KOHA)
Source of classification or shelving scheme Dewey Decimal Classification
Koha item type Books
Holdings
Lost status Source of classification or shelving scheme Damaged status Not for loan Collection code Permanent Location Current Location Shelving location Date acquired Source of acquisition Cost, normal purchase price Total Checkouts Full call number Date last seen Copy number Koha item type
  Dewey Decimal Classification     Non-fiction Central Library, University of Rajshahi Central Library, University of Rajshahi   01/07/1963 Zeithlinger 52.60   025.4 SAM 1962 14/07/2016 C-2 Books